[Event "DEM U10/U10w 2010"]
[Site "Oberhof GER"]
[Date "2010.05.23"]
[Round "1"]
[White "Wächter, Nathalie"]
[Black "Allin, Katharina"]
[Result "1-0"]
[Termination "normal"]
[Board "25"]
[WhiteElo "1385"]
[BlackElo "1059"]
[PlyCount "99"]
[WhiteFideId "12921033"]
[BlackFideId "12903779"]
[EventCountry "GER"]
[EventRounds "11"]
[EventType "swiss"]
[EventDate "2010.05.22"]

1. e4 e5 2. Nf3 Nc6 3. Bc4 Bc5 4. c3 Nf6 5. d3 d6 6. O-O Bg4 7. Nbd2 h5 8. h3
Bd7 9. Re1 Qe7 10. Nf1 Be6 11. Bb3 Rg8 12. Ng3 Qd7 13. Bxe6 fxe6 14. d4 exd4
15. cxd4 Bb4 16. Bd2 Bxd2 17. Qxd2 h4 18. Nxh4 e5 19. dxe5 dxe5 20. Qxd7+ Nxd7
21. Rad1 O-O-O 22. Nhf5 Kb8 23. Rd2 Nc5 24. Red1 Rxd2 25. Rxd2 g6 26. Ne3 a6
27. Ng4 b5 28. Rd5 Na4 29. b3 Nc3 30. Rc5 Nxe4 31. Nxe4 Nb4 32. Nxe5 Nxa2 33.
f3 Nb4 34. Kf2 Re8 35. Ke3 Re6 36. Kd4 Kb7 37. Kc3 Na2+ 38. Kd4 Nb4 39. Ng4 c6
40. Ke3 Nd5+ 41. Kf2 Nf4 42. Rc3 Nd5 43. Rd3 Kc7 44. Ne3 Nf4 45. Rd4 Nh5 46. g4
Ng7 47. Nc5 Re5 48. Rd7+ Kb6 49. b4 Ne8 50. Rb7# 1-0

[Event "DEM U10/U10w 2010"]
[Site "Oberhof GER"]
[Date "2010.05.23"]
[Round "1"]
[White "Wallat, Jessica"]
[Black "Spitzl, Vinzent"]
[Result "1-0"]
[Termination "normal"]
[Board "26"]
[WhiteElo "1045"]
[BlackElo "1711"]
[PlyCount "33"]
[WhiteFideId "12909637"]
[BlackFideId "12901253"]
[EventCountry "GER"]
[EventRounds "11"]
[EventType "swiss"]
[EventDate "2010.05.22"]

1. e4 e5 2. Nf3 Nc6 3. Bc4 Bc5 4. c3 Nf6 5. d4 exd4 6. cxd4 Bb4+ 7. Nc3 Nxe4 8.
O-O Nxc3 9. bxc3 Bxc3 10. Qb3 Bxa1 11. Bxf7+ Kf8 12. Bg5 Ne7 13. Ne5 d6 14. Bg6
d5 15. Qf3+ Bf5 16. Bxf5 Ke8 17. Bg6+ 1-0

[Event "DEM U10/U10w 2010"]
[Site "Oberhof GER"]
[Date "2010.05.23"]
[Round "1"]
[White "Riedel, Matthias"]
[Black "Schröder, Janina"]
[Result "1-0"]
[Termination "normal"]
[Board "27"]
[WhiteElo "1366"]
[BlackElo "1042"]
[PlyCount "111"]
[WhiteFideId "1271820"]
[BlackFideId "24693138"]
[EventCountry "GER"]
[EventRounds "11"]
[EventType "swiss"]
[EventDate "2010.05.22"]

1. d4 d5 2. c4 e6 3. Nc3 Nf6 4. Bg5 Be7 5. Nf3 h6 6. Bh4 O-O 7. e3 Ne4 8. Bxe7
Qxe7 9. Qc2 Nxc3 10. Qxc3 c5 11. cxd5 cxd4 12. Qxd4 Rd8 13. Bc4 exd5 14. Bb3
Be6 15. O-O Nc6 16. Qd2 Rd7 17. Rac1 Rc8 18. Ba4 Rd6 19. Rfd1 Qd8 20. e4 d4 21.
Bxc6 bxc6 22. Nxd4 Bxa2 23. Qe3 c5 24. Qa3 Be6 25. Rxc5 Rxc5 26. Qxc5 Qb6 27.
Qxb6 axb6 28. Kf1 f5 29. exf5 Bxf5 30. Ke2 Bg6 31. Nf3 Re6+ 32. Kf1 Kf7 33. Re1
Bd3+ 34. Kg1 Rc6 35. Rd1 Bc2 36. Rc1 Be4 37. Ne5+ Ke6 38. Nxc6 Kd5 39. Ne7+ Ke6
40. Re1 Kxe7 41. f4 Kf6 42. Rxe4 Kf5 43. Rb4 b5 44. Rxb5+ Kxf4 45. Rc5 Ke4 46.
b4 Kd4 47. Rc8 Kd5 48. b5 Kd6 49. b6 Kd7 50. b7 Ke6 51. b8=Q Kf6 52. Rc6+ Kf7
53. Qb7+ Kg8 54. Rc8+ Kh7 55. Qb1+ g6 56. Qb7# 1-0

[Event "DEM U10/U10w 2010"]
[Site "Oberhof GER"]
[Date "2010.05.23"]
[Round "1"]
[White "Rockmann, Jan-Okke"]
[Black "Nguyen, Huy Dat"]
[Result "1-0"]
[Termination "normal"]
[Board "28"]
[WhiteElo "1013"]
[BlackElo "1363"]
[PlyCount "135"]
[WhiteFideId "12942111"]
[BlackFideId "12923486"]
[EventCountry "GER"]
[EventRounds "11"]
[EventType "swiss"]
[EventDate "2010.05.22"]

1. e4 c5 2. Nf3 Nc6 3. Bc4 g6 4. O-O Bg7 5. c3 d6 6. d4 Nf6 7. Qc2 O-O 8. Be3
cxd4 9. cxd4 Bg4 10. Nbd2 a5 11. h3 Bxf3 12. Nxf3 Rc8 13. a3 b5 14. Bxb5 Nxd4
15. Qa4 Nxb5 16. Qxb5 Nxe4 17. Bb6 Rb8 18. Bxd8 Rxb5 19. Bxe7 Re8 20. Bh4 Rxb2
21. Rfe1 f5 22. Nh2 Reb8 23. Rf1 g5 24. Bg3 f4 25. Bxf4 gxf4 26. Rae1 Nd2 27.
Rd1 Nxf1 28. Nxf1 Rd8 29. Nd2 d5 30. Nc4 Rb3 31. Kh2 Rc3 32. Nxa5 Rxa3 33. Nc6
Rd6 34. Ne7+ Kf7 35. Nf5 Rd8 36. h4 Be5 37. Re1 Kf6 38. Nh6 Re8 39. Ng4+ Kf5
40. Nh6+ Ke6 41. Ng4 Kd6 42. Nh6 f3+ 43. g3 Rb8 44. Nf7+ Kc5 45. Nxe5 d4 46.
Nd7+ Kc6 47. Nxb8+ Kc7 48. Rb1 d3 49. g4 Ra8 50. Kg3 Rxb8 51. Rxb8 Kxb8 52.
Kxf3 Kc7 53. Ke3 d2 54. Kxd2 Kd6 55. Ke3 Ke5 56. Kf3 Kf6 57. Kf4 Kf7 58. Kf5
Kg7 59. Ke6 Kf8 60. Kf6 Kg8 61. h5 Kf8 62. g5 Kg8 63. f4 Kh8 64. Ke7 h6 65. g6
Kg7 66. f5 Kg8 67. f6 Kh8 68. f7 1-0

[Event "DEM U10/U10w 2010"]
[Site "Oberhof GER"]
[Date "2010.05.23"]
[Round "1"]
[White "Kololli, Kevin"]
[Black "Riegel, Arinna"]
[Result "1-0"]
[Termination "normal"]
[Board "29"]
[WhiteElo "1323"]
[BlackElo "1013"]
[PlyCount "119"]
[WhiteFideId "12936863"]
[BlackFideId "12931446"]
[EventCountry "GER"]
[EventRounds "11"]
[EventType "swiss"]
[EventDate "2010.05.22"]

1. d4 Nf6 2. c4 d6 3. Nc3 g6 4. Nf3 Bg7 5. Bg5 O-O 6. e3 Nbd7 7. Bd3 c6 8. O-O
Qc7 9. Rc1 e5 10. Re1 Re8 11. Qc2 a5 12. d5 Nc5 13. Ne4 Ncxe4 14. Bxe4 cxd5 15.
Bxd5 Nxd5 16. cxd5 Qxc2 17. Rxc2 b5 18. Rc6 f6 19. Bh4 Rd8 20. Rec1 Bb7 21. Rb6
Bxd5 22. Rxb5 Rdc8 23. Rxc8+ Rxc8 24. h3 Bxa2 25. Rxa5 Be6 26. Ra6 Rd8 27. Nxe5
dxe5 28. Rxe6 Rd1+ 29. Kh2 h5 30. Bxf6 Bxf6 31. Rxf6 Rd2 32. Rxg6+ Kf7 33. Rh6
Rxb2 34. f3 Re2 35. e4 Re3 36. Rxh5 Kf6 37. Rf5+ Ke6 38. Kg3 Rc3 39. Kg4 Rc2
40. g3 Rc8 41. h4 Rh8 42. f4 exf4 43. gxf4 Kd6 44. h5 Ke6 45. e5 Rh7 46. Rf6+
Ke7 47. Kg5 Rh8 48. f5 Rh7 49. e6 Rh8 50. Rf7+ Ke8 51. h6 Rg8+ 52. Rg7 Rf8 53.
h7 Kd8 54. Rg8 Ke8 55. Rxf8+ Kxf8 56. h8=Q+ Ke7 57. Qe5 Kd8 58. Qd6+ Ke8 59.
Qd7+ Kf8 60. Qf7# 1-0

[Event "DEM U10/U10w 2010"]
[Site "Oberhof GER"]
[Date "2010.05.23"]
[Round "1"]
[White "Grieb, Lukas"]
[Black "Kitze, Alexander"]
[Result "1/2-1/2"]
[Termination "normal"]
[Board "30"]
[WhiteElo "1007"]
[BlackElo "1323"]
[PlyCount "55"]
[WhiteFideId "1271993"]
[BlackFideId "12914827"]
[EventCountry "GER"]
[EventRounds "11"]
[EventType "swiss"]
[EventDate "2010.05.22"]

1. e4 e5 2. Nf3 Nc6 3. Bc4 Bc5 4. Nc3 Nf6 5. d3 d6 6. Bg5 h6 7. Bh4 g5 8. Nxg5
hxg5 9. Bxg5 Rg8 10. h4 Be6 11. Qf3 Nd4 12. Qd1 Qe7 13. O-O O-O-O 14. Kh1 Rg6
15. f4 exf4 16. Rxf4 Rh8 17. Bxe6+ Nxe6 18. Nd5 Qf8 19. Bxf6 Nxf4 20. Bxh8 Qxh8
21. Ne7+ Kd7 22. Nxg6 Nxg6 23. Qg4+ Kc6 24. g3 Ne5 25. Qd1 Qg7 26. d4 Qxg3 27.
dxc5 Qh3+ 28. Kg1 1/2-1/2

[Event "DEM U10/U10w 2010"]
[Site "Oberhof GER"]
[Date "2010.05.23"]
[Round "1"]
[White "Renger, Niklas"]
[Black "Du, Katharina"]
[Result "1/2-1/2"]
[Termination "normal"]
[Board "31"]
[WhiteElo "1320"]
[BlackElo "1006"]
[PlyCount "47"]
[WhiteFideId "12908096"]
[BlackFideId "12945757"]
[EventCountry "GER"]
[EventRounds "11"]
[EventType "swiss"]
[EventDate "2010.05.22"]

1. e4 e5 2. Nf3 Nf6 3. Nc3 Nc6 4. Bc4 d6 5. d3 Bg4 6. Be3 Be7 7. Qd2 Qd7 8. d4
Bxf3 9. gxf3 exd4 10. Bxd4 Nxd4 11. Qxd4 O-O-O 12. Qxa7 c6 13. Na4 Kc7 14. Qa5+
Kb8 15. Nb6 Qh3 16. Be2 Qg2 17. Rf1 Qxh2 18. Rd1 Qf4 19. Qa8+ Kc7 20. Qa7 Rb8
21. Rd2 Nd7 22. Nxd7 Kxd7 23. Kd1 Kc7 24. Qa5+ 1/2-1/2

[Event "DEM U10/U10w 2010"]
[Site "Oberhof GER"]
[Date "2010.05.23"]
[Round "1"]
[White "Tiedemann, Fin Niklas"]
[Black "Kreyssig, Bruno"]
[Result "0-1"]
[Termination "normal"]
[Board "32"]
[WhiteElo "997"]
[BlackElo "1319"]
[PlyCount "58"]
[WhiteFideId "12936936"]
[BlackFideId "4692489"]
[EventCountry "GER"]
[EventRounds "11"]
[EventType "swiss"]
[EventDate "2010.05.22"]

1. e4 c5 2. Nf3 Nc6 3. c3 Nf6 4. e5 Nd5 5. d4 cxd4 6. cxd4 e6 7. Bc4 Bb4+ 8.
Bd2 Qa5 9. Bxb4 Qxb4+ 10. Nbd2 Nce7 11. Rb1 O-O 12. O-O d6 13. a3 Qb6 14. Bxd5
Nxd5 15. Nc4 Qc7 16. Nxd6 Bd7 17. Qc1 Qb6 18. Qc2 h6 19. Ne4 Rac8 20. Qd3 Bb5
21. Qd2 Bxf1 22. Rxf1 Rc6 23. Qd3 Qxb2 24. Neg5 hxg5 25. Nxg5 Qc2 26. Qh3 Qg6
27. f4 Rfc8 28. f5 Qxg5 29. f6 Qe3+ 0-1

[Event "DEM U10/U10w 2010"]
[Site "Oberhof GER"]
[Date "2010.05.23"]
[Round "1"]
[White "Fieberg, Samuel"]
[Black "Lederer, Leia"]
[Result "1-0"]
[Termination "normal"]
[Board "33"]
[WhiteElo "1305"]
[BlackElo "971"]
[PlyCount "65"]
[WhiteFideId "12901717"]
[BlackFideId "12926353"]
[EventCountry "GER"]
[EventRounds "11"]
[EventType "swiss"]
[EventDate "2010.05.22"]

1. e4 e5 2. Nf3 Nc6 3. Bc4 Nf6 4. d3 Bc5 5. c3 d6 6. Bb3 Bd7 7. O-O Qc8 8. Nbd2
h5 9. Ng5 h4 10. Bxf7+ Kf8 11. Nb3 h3 12. g3 Bg4 13. Qd2 Bb6 14. d4 exd4 15.
cxd4 a5 16. d5 Nd8 17. Bg6 Rh6 18. Bf5 Bxf5 19. exf5 c6 20. Ne6+ Nxe6 21. dxe6
Ne4 22. Qe2 Nxg3 23. hxg3 h2+ 24. Kh1 Rh8 25. e7+ Ke8 26. Qg4 c5 27. Qxg7 Qc6+
28. f3 Qb5 29. Qxh8+ Kd7 30. Qxa8 Qxf1+ 31. Kxh2 Kxe7 32. Bg5+ Kf7 33. Rxf1 1-0

[Event "DEM U10/U10w 2010"]
[Site "Oberhof GER"]
[Date "2010.05.23"]
[Round "1"]
[White "Schluckner, Paul-Leopold"]
[Black "Petersen, Marcel"]
[Result "0-1"]
[Termination "normal"]
[Board "34"]
[WhiteElo "957"]
[BlackElo "1292"]
[PlyCount "98"]
[WhiteFideId "12952168"]
[BlackFideId "12935670"]
[EventCountry "GER"]
[EventRounds "11"]
[EventType "swiss"]
[EventDate "2010.05.22"]

1. e4 c5 2. Nf3 Nc6 3. Nc3 g6 4. d4 cxd4 5. Nxd4 Bg7 6. Nxc6 bxc6 7. Bd3 d5 8.
Qf3 e6 9. O-O Ne7 10. exd5 Nxd5 11. Be4 Bb7 12. Rd1 Qa5 13. Be3 Bxc3 14. bxc3
Qxc3 15. Bd4 Qxf3 16. Bxf3 Rg8 17. Rab1 Ba6 18. Rdc1 Rc8 19. c4 Ne7 20. c5 Bb5
21. Rd1 f5 22. Re1 Kf7 23. Bd1 h5 24. Bb3 Nd5 25. Rbd1 g5 26. Be5 h4 27. f3 g4
28. fxg4 Rxg4 29. h3 Rg6 30. Bd6 Rcg8 31. Rd2 f4 32. Rb2 f3 33. g4 hxg3 34.
Bxd5 exd5 35. Re7+ Kf6 36. Re3 f2+ 37. Rxf2+ gxf2+ 38. Kxf2 Rg2+ 39. Kf3 Rxa2
40. Be5+ Kf5 41. Bf4 Rgg2 42. Re5+ Kf6 43. Rg5 Rxg5 44. Bxg5+ Kxg5 45. Kg3 Ra3+
46. Kg2 Kf4 47. h4 Kg4 48. Kf2 d4 49. Kg2 Ra2+ 0-1

[Event "DEM U10/U10w 2010"]
[Site "Oberhof GER"]
[Date "2010.05.23"]
[Round "1"]
[White "Kasel, Mario"]
[Black "Ratay, Meike"]
[Result "1-0"]
[Termination "normal"]
[Board "35"]
[WhiteElo "1285"]
[BlackElo "930"]
[PlyCount "111"]
[WhiteFideId "24660957"]
[BlackFideId "12977608"]
[EventCountry "GER"]
[EventRounds "11"]
[EventType "swiss"]
[EventDate "2010.05.22"]

1. e4 e5 2. Nf3 Nc6 3. Bc4 Bc5 4. Nc3 Nf6 5. d3 h6 6. Be3 Bxe3 7. fxe3 d6 8. h3
O-O 9. O-O Qe8 10. Qe2 Be6 11. Bb3 Bxb3 12. axb3 Nb4 13. Ra4 Nc6 14. d4 exd4
15. exd4 Nh5 16. Qf2 Qe7 17. Re1 Rfe8 18. Nd5 Qd7 19. Qh4 Nf6 20. Qxf6 gxf6 21.
Nxf6+ Kg7 22. Nxd7 Rad8 23. d5 Ne7 24. Rxa7 Rxd7 25. Rxb7 Ra8 26. e5 dxe5 27.
Nxe5 Rxd5 28. Rxc7 Re8 29. Nc6 Nxc6 30. Rxe8 Rd1+ 31. Kh2 Nd4 32. Ree7 Rd2 33.
Rxf7+ Kg6 34. b4 Nb5 35. c4 Nxc7 36. Rxc7 Kg5 37. b5 Kf4 38. b6 Rxb2 39. b7 Ke5
40. c5 Kd5 41. c6 Kd6 42. Rc8 h5 43. b8=Q+ Rxb8 44. Rxb8 Kxc6 45. Rd8 h4 46.
Rd4 Kc7 47. Rxh4 Kd7 48. g4 Ke7 49. Kg3 Kf7 50. Rh6 Kg7 51. Ra6 Kh8 52. Ra7 Kg8
53. Kf4 Kh8 54. Kg5 Kg8 55. Kf6 Kf8 56. Ra8# 1-0

[Event "DEM U10/U10w 2010"]
[Site "Oberhof GER"]
[Date "2010.05.23"]
[Round "1"]
[White "Giede, Anna-Blume"]
[Black "Rätzke von Stoyentin, Steffen"]
[Result "0-1"]
[Termination "normal"]
[Board "36"]
[WhiteElo "927"]
[BlackElo "1278"]
[PlyCount "80"]
[WhiteFideId "12921980"]
[BlackFideId "12907502"]
[EventCountry "GER"]
[EventRounds "11"]
[EventType "swiss"]
[EventDate "2010.05.22"]

1. e4 e5 2. Bc4 Nc6 3. d3 Nf6 4. c3 Bc5 5. Nd2 O-O 6. h3 d5 7. exd5 Nxd5 8.
Ngf3 Re8 9. O-O Nf4 10. Qc2 Bf5 11. Ne1 Qd6 12. Nb3 Bb6 13. Be3 Qg6 14. Bxf4
exf4 15. Kh2 Ne5 16. Bb5 c6 17. Ba4 Nxd3 18. Qd2 Re7 19. Nxd3 Bxd3 20. Rfd1 Be4
21. f3 Qg3+ 22. Kh1 Bd5 23. Nd4 g6 24. Ne2 Qh4 25. Nxf4 Be3 26. Qe1 Qxf4 27.
Bc2 Bc5 28. Qd2 Qxd2 29. Rxd2 Rae8 30. Rdd1 Re2 31. Bd3 Rxb2 32. c4 Be6 33. Re1
Bd7 34. Red1 Bf5 35. Bxf5 gxf5 36. Rf1 Ree2 37. f4 Rxg2 38. Rg1 Rxg1+ 39. Rxg1+
Bxg1 40. Kxg1 Rxa2 0-1

[Event "DEM U10/U10w 2010"]
[Site "Oberhof GER"]
[Date "2010.05.23"]
[Round "1"]
[White "Neuwald, Johannes"]
[Black "Main, Laetitia Chantal"]
[Result "1-0"]
[Termination "normal"]
[Board "37"]
[WhiteElo "1277"]
[BlackElo "922"]
[PlyCount "113"]
[EventCountry "GER"]
[EventRounds "11"]
[EventType "swiss"]
[EventDate "2010.05.22"]

1. e4 e5 2. Nf3 Nc6 3. Bb5 d6 4. d4 f6 5. d5 a6 6. Bxc6+ bxc6 7. dxc6 Ne7 8.
Nc3 Nxc6 9. Nd5 Be7 10. Be3 Rb8 11. b3 O-O 12. Nh4 Bd7 13. Nf5 Bxf5 14. exf5 e4
15. Qg4 Rf7 16. Nf4 Qf8 17. Ne6 Qe8 18. Bh6 Ne5 19. Qg3 Bf8 20. O-O Qe7 21.
Rfe1 d5 22. f4 Nd7 23. Nxc7 Rb6 24. Kh1 Nc5 25. Nxd5 Qb7 26. Nxb6 Qxb6 27. Qc3
a5 28. Bxg7 Bxg7 29. Qc4 Qc6 30. a3 Qd6 31. Rad1 Qc7 32. b4 axb4 33. axb4 Bf8
34. bxc5 Bxc5 35. Rxe4 Qa7 36. h3 Bf2 37. Qa4 Qc5 38. Re8+ Rf8 39. Qb3+ Kg7 40.
Qb7+ Kh8 41. Rxf8+ Qxf8 42. Qc7 Qg7 43. Rd8+ Qg8 44. Rxg8+ Kxg8 45. g4 Kf8 46.
Kg2 Bd4 47. Kf3 Ke8 48. Ke4 Bg1 49. Kd5 Kf8 50. Ke6 Kg8 51. Kxf6 Bd4+ 52. Kg5
Bg7 53. f6 Bf8 54. f7+ Kh8 55. Qe5+ Bg7 56. Qe8+ Bf8 57. Qxf8# 1-0

[Event "DEM U10/U10w 2010"]
[Site "Oberhof GER"]
[Date "2010.05.23"]
[Round "1"]
[White "Denkert, Anna"]
[Black "Simon, Tessa"]
[Result "0-1"]
[Termination "normal"]
[Board "38"]
[WhiteElo "914"]
[BlackElo "1270"]
[PlyCount "82"]
[WhiteFideId "12938122"]
[BlackFideId "12929395"]
[EventCountry "GER"]
[EventRounds "11"]
[EventType "swiss"]
[EventDate "2010.05.22"]

1. e4 e5 2. Nf3 Nc6 3. Bc4 Bc5 4. c3 Nf6 5. d4 exd4 6. cxd4 Bb4+ 7. Nc3 Nxe4 8.
O-O Bxc3 9. d5 Bf6 10. Re1 Ne7 11. Rxe4 d6 12. Qe2 O-O 13. Bg5 Bxg5 14. Nxg5
Ng6 15. Rd1 Qxg5 16. h3 Bxh3 17. Qf3 Bd7 18. Bd3 Ne5 19. Qe2 Nxd3 20. Qxd3 Bf5
21. g3 Bxe4 22. Qxe4 Rfe8 23. Qd3 Re7 24. Kg2 Rae8 25. Rh1 Qg6 26. Qc3 Qe4+ 27.
Kh2 Re5 28. Kg1 Qe1+ 29. Qxe1 Rxe1+ 30. Kh2 Rxh1+ 31. Kxh1 Re2 32. Kg2 Rxb2 33.
a3 Ra2 34. Kf3 Rxa3+ 35. Kg4 b5 36. f4 b4 37. Kg5 h6+ 38. Kh5 Rxg3 39. f5 b3
40. f6 g6+ 41. Kxh6 Kf8 0-1

[Event "DEM U10/U10w 2010"]
[Site "Oberhof GER"]
[Date "2010.05.23"]
[Round "1"]
[White "Herbrig, Alexander"]
[Black "Cejda, Cecilia"]
[Result "1-0"]
[Termination "normal"]
[Board "39"]
[WhiteElo "1270"]
[BlackElo "894"]
[PlyCount "45"]
[WhiteFideId "12952044"]
[BlackFideId "12921122"]
[EventCountry "GER"]
[EventRounds "11"]
[EventType "swiss"]
[EventDate "2010.05.22"]

1. e4 e5 2. Nf3 Nc6 3. Bc4 Bc5 4. c3 Nf6 5. d3 O-O 6. Nbd2 d6 7. h3 Bd7 8. Bb3
Qe7 9. O-O Nh5 10. Nh2 Qg5 11. Ndf3 Qg3 12. d4 Qg6 13. dxc5 Bxh3 14. Nh4 Qf6
15. Qxh5 g6 16. Bg5 gxh5 17. Bxf6 h6 18. gxh3 Kh7 19. Kh1 Rae8 20. Rg1 Rg8 21.
Bxf7 Rxg1+ 22. Rxg1 Rg8 23. Bxg8# 1-0

[Event "DEM U10/U10w 2010"]
[Site "Oberhof GER"]
[Date "2010.05.23"]
[Round "1"]
[White "Urban, Konstantin"]
[Black "Möller, Hannah"]
[Result "1-0"]
[Termination "normal"]
[Board "41"]
[WhiteElo "1241"]
[BlackElo "854"]
[PlyCount "63"]
[WhiteFideId "12927511"]
[BlackFideId "1270514"]
[EventCountry "GER"]
[EventRounds "11"]
[EventType "swiss"]
[EventDate "2010.05.22"]

1. e4 c5 2. Nf3 e6 3. d4 cxd4 4. Nxd4 Ne7 5. Nb5 d5 6. Bf4 g6 7. Nc7+ Kd7 8.
Nxa8 Bg7 9. Nc3 Nbc6 10. exd5 exd5 11. Nxd5 Ke8 12. Nxe7 Qxe7+ 13. Qe2 Qxe2+
14. Bxe2 Bxb2 15. Nc7+ Kf8 16. Bh6+ Ke7 17. Nd5+ Ke6 18. Rd1 Nd4 19. Ne3 Bc3+
20. Kf1 Re8 21. Bc4+ Kf6 22. Nd5+ Ke5 23. Bf4+ Kf5 24. f3 Bb2 25. g4+ Ke6 26.
Nc7+ Kd7 27. Nxe8 Kxe8 28. Kg2 Nxc2 29. Rd2 Ne1+ 30. Rxe1+ Kf8 31. Bh6+ Bg7 32.
Rd8# 1-0

[Event "DEM U10/U10w 2010"]
[Site "Oberhof GER"]
[Date "2010.05.23"]
[Round "1"]
[White "Köhler, Inken"]
[Black "Reuker, Jari"]
[Result "0-1"]
[Termination "normal"]
[Board "42"]
[WhiteElo "786"]
[BlackElo "1237"]
[PlyCount "64"]
[WhiteFideId "12929301"]
[BlackFideId "12909300"]
[EventCountry "GER"]
[EventRounds "11"]
[EventType "swiss"]
[EventDate "2010.05.22"]

1. e4 c5 2. Nc3 e6 3. e5 Nc6 4. Nf3 a6 5. d4 cxd4 6. Nxd4 Nxe5 7. Bf4 Nc6 8.
Nxc6 bxc6 9. Qg4 Nf6 10. Qg5 h6 11. Qe5 Bb4 12. O-O-O O-O 13. g3 d5 14. Qd4 Bd6
15. Bxd6 Qxd6 16. Na4 Ne4 17. Qxe4 Rb8 18. c3 Rd8 19. Qc2 c5 20. c4 d4 21. b3
Qc6 22. Nc3 Qxh1 23. Bd3 Qc6 24. Be4 Qc7 25. Bh7+ Kh8 26. Bd3 dxc3 27. Qe2 Bb7
28. Bc2 Rxd1+ 29. Qxd1 Rd8 30. Qe2 Qa5 31. Bb1 Qa3+ 32. Kc2 Qb2# 0-1

[Event "DEM U10/U10w 2010"]
[Site "Oberhof GER"]
[Date "2010.05.23"]
[Round "1"]
[White "Savchenko, Daniel"]
[Black "Schneider, Xenia"]
[Result "1-0"]
[Termination "normal"]
[Board "43"]
[WhiteElo "1237"]
[BlackElo "777"]
[PlyCount "95"]
[WhiteFideId "12919195"]
[BlackFideId "12911984"]
[EventCountry "GER"]
[EventRounds "11"]
[EventType "swiss"]
[EventDate "2010.05.22"]

1. e4 e5 2. Nf3 Nc6 3. d4 f6 4. dxe5 fxe5 5. Bc4 Bb4+ 6. c3 Ba5 7. O-O Nf6 8.
Bg5 d6 9. h3 Qd7 10. Bxf6 gxf6 11. Qd5 Qg7 12. Kh2 Rg8 13. Qxg8+ Qxg8 14. Bxg8
Bd7 15. Bxh7 Ne7 16. Nh4 Bb5 17. Rh1 O-O-O 18. Bf5+ Nxf5 19. Nxf5 d5 20. Ne7+
Kb8 21. Nxd5 Bc6 22. Nxf6 Rf8 23. Ng4 Bxe4 24. f3 Bc6 25. Nxe5 Bd5 26. Nd7+ Kc8
27. Nxf8 c6 28. h4 Bc7+ 29. Kg1 Bb6+ 30. Kf1 Bc4+ 31. Ke1 Bf7 32. h5 Bxh5 33.
Rxh5 Bc5 34. Ne6 Be7 35. Rh7 Bd6 36. g4 Bg3+ 37. Ke2 Bf4 38. Nxf4 Kd8 39. Ne6+
Ke8 40. g5 c5 41. g6 b5 42. g7 Ke7 43. g8=Q+ Kd6 44. Qg6 Ke5 45. Rh5+ Kd6 46.
Nd4+ Ke7 47. Rh7+ Kf8 48. Ne6# 1-0

[Event "DEM U10/U10w 2010"]
[Site "Oberhof GER"]
[Date "2010.05.23"]
[Round "2"]
[White "Fieberg, Samuel"]
[Black "Lagunow, Raphael"]
[Result "1-0"]
[Termination "normal"]
[Board "1"]
[WhiteElo "1305"]
[BlackElo "1623"]
[PlyCount "101"]
[WhiteFideId "12901717"]
[BlackFideId "24652644"]
[EventCountry "GER"]
[EventRounds "11"]
[EventType "swiss"]
[EventDate "2010.05.22"]

1. e4 c5 2. Nf3 e6 3. d4 cxd4 4. Nxd4 Qb6 5. Nc3 Bc5 6. Be3 Qxb2 7. Na4 Bb4+ 8.
Ke2 Qa3 9. c4 a6 10. Bc1 Qxa4 11. Qxa4 Bc3 12. Rb1 Bxd4 13. Be3 Bxe3 14. Kxe3
Nc6 15. Be2 Nf6 16. f4 d5 17. cxd5 exd5 18. exd5 Nxd5+ 19. Kd2 O-O 20. Bf3 Rd8
21. Bxd5 Rxd5+ 22. Ke3 b5 23. Qe4 Be6 24. Rhd1 Rad8 25. Rxd5 Bxd5 26. Qc2 Re8+
27. Kf2 Nd4 28. Re1 Be6 29. Qc5 Rd8 30. Qe7 Rc8 31. Rc1 Rf8 32. Qd6 Nf5 33.
Qxa6 h6 34. g4 Nd4 35. f5 Bc4 36. f6 Re8 37. Re1 Rd8 38. Qb6 Rd5 39. Re8+ Kh7
40. Rd8 Rxd8 41. Qxd8 Ne6 42. Qe7 Bxa2 43. fxg7 Kxg7 44. h4 Kg6 45. Qb4 Bc4 46.
Qb1+ Kg7 47. Qf5 f6 48. Qe4 Kf7 49. Qb7+ Kg6 50. h5+ Kg5 51. Kg3 1-0

[Event "DEM U10/U10w 2010"]
[Site "Oberhof GER"]
[Date "2010.05.23"]
[Round "2"]
[White "Petersen, Marcel"]
[Black "Ovsepyan, Arshak"]
[Result "0-1"]
[Termination "normal"]
[Board "2"]
[WhiteElo "1292"]
[BlackElo "1945"]
[PlyCount "97"]
[WhiteFideId "12935670"]
[BlackFideId "24690236"]
[EventCountry "GER"]
[EventRounds "11"]
[EventType "swiss"]
[EventDate "2010.05.22"]

1. e4 e6 2. d4 d5 3. Nc3 dxe4 4. Nxe4 Nd7 5. Bd3 Ngf6 6. Bg5 Be7 7. Ne2 Nxe4 8.
Bxe7 Nxf2 9. Bxd8 Nxd1 10. Rxd1 Kxd8 11. Rf1 Ke7 12. Rf2 Nf6 13. Kd2 b6 14.
Rdf1 Bb7 15. g4 h6 16. h4 Raf8 17. g5 hxg5 18. hxg5 Ne4+ 19. Bxe4 Bxe4 20. c4
f6 21. gxf6+ Rxf6 22. Rxf6 gxf6 23. Rg1 Kf7 24. Nc3 Bb7 25. Nb5 Rh2+ 26. Kc3
Rh3+ 27. Kd2 Ba6 28. Rc1 Rh2+ 29. Kc3 Bxb5 30. cxb5 Ke7 31. Kb3 Kd7 32. Rc6 Rh5
33. Kc4 Rxb5 34. Rxc7+ Kxc7 35. Kxb5 e5 36. dxe5 fxe5 37. Kc4 Kc6 38. a4 a5 39.
b3 Kd6 40. b4 axb4 41. Kxb4 Kd5 42. Kc3 e4 43. Kc2 Kc4 44. Kd2 Kb4 45. Ke3 Kxa4
46. Kxe4 b5 47. Kd4 b4 48. Kd3 Ka3 49. Kc4 0-1

[Event "DEM U10/U10w 2010"]
[Site "Oberhof GER"]
[Date "2010.05.23"]
[Round "2"]
[White "Kasel, Mario"]
[Black "Greßmann, Moritz"]
[Result "0-1"]
[Termination "normal"]
[Board "3"]
[WhiteElo "1285"]
[BlackElo "1600"]
[PlyCount "102"]
[WhiteFideId "24660957"]
[BlackFideId "24695084"]
[EventCountry "GER"]
[EventRounds "11"]
[EventType "swiss"]
[EventDate "2010.05.22"]

1. e4 d5 2. d3 dxe4 3. dxe4 Qxd1+ 4. Kxd1 Nf6 5. Nc3 Bd7 6. Nf3 Nc6 7. Bc4
O-O-O 8. Bd2 Bg4 9. h3 Bxf3+ 10. gxf3 Ne5 11. Be2 e6 12. a3 Bc5 13. Rf1 Bd4 14.
Kc1 Nc6 15. b3 a6 16. Kb2 Bxf2 17. Bg5 Bd4 18. Rfd1 h6 19. Bd2 Rd7 20. Bd3 Ne5
21. f4 Nxd3+ 22. cxd3 Rhd8 23. Kc2 Bf2 24. Bc1 Bd4 25. Bb2 Be3 26. Bc1 Bxc1 27.
Raxc1 Nh5 28. Ne2 Nf6 29. Nc3 Ne8 30. e5 g6 31. Ne4 Ng7 32. Nf6 Rd4 33. Rd2
Rxf4 34. Rcd1 Nf5 35. Kc3 Rfd4 36. Ne4 R4d5 37. d4 Rb5 38. Nf6 Ne3 39. Re1 Nd5+
40. Nxd5 Rbxd5 41. Red1 c5 42. b4 cxd4+ 43. Rxd4 Rxd4 44. Rxd4 Rxd4 45. Kxd4 g5
46. a4 h5 47. b5 axb5 48. axb5 Kc7 49. Kc5 g4 50. hxg4 h4 51. b6+ Kd7 0-1

[Event "DEM U10/U10w 2010"]
[Site "Oberhof GER"]
[Date "2010.05.23"]
[Round "2"]
[White "Rätzke von Stoyentin, Steffen"]
[Black "Pallas, Sebastian"]
[Result "1/2-1/2"]
[Termination "normal"]
[Board "4"]
[WhiteElo "1278"]
[BlackElo "1560"]
[PlyCount "64"]
[WhiteFideId "12907502"]
[BlackFideId "12905453"]
[EventCountry "GER"]
[EventRounds "11"]
[EventType "swiss"]
[EventDate "2010.05.22"]

1. d4 d5 2. c4 c6 3. Nc3 Nf6 4. Nf3 e6 5. Bg5 Nbd7 6. cxd5 exd5 7. e3 Be7 8.
Bd3 O-O 9. Qc2 Re8 10. O-O Nf8 11. h3 h6 12. Bh4 Bd6 13. e4 dxe4 14. Nxe4 Be7
15. Rfe1 Ne6 16. Rad1 Nd5 17. Bxe7 Rxe7 18. Bc4 Nb6 19. Bb3 Nc7 20. Ne5 Be6 21.
Nc5 Bxb3 22. Qxb3 Ne6 23. Nxf7 Rxf7 24. Qxe6 Qd5 25. Qxd5 Nxd5 26. Re2 Nf4 27.
Re4 b6 28. Nd3 Nxd3 29. Rxd3 Rd7 30. Rde3 Kf7 31. Rf4+ Kg8 32. Rfe4 Kf7 1/2-1/2